[Event "2nd Salamanca Festival 2019"]
[Site "Salamanca"]
[Date "2019.11.29"]
[Round "5.3"]
[White "Iturrizaga Bonelli, Eduardo"]
[Black "Cyfka, Karina"]
[Result "1-0"]
[WhiteElo "2597"]
[BlackElo "2412"]
[Annotator "TA"]
[PlyCount "85"]
[EventDate "2019.11.27"]
[EventType "swiss"]
[EventCountry "ESP"]
[SourceTitle "playchess.com"]
[Source "ChessBase"]
[SourceQuality "1"]

{[%evp 11,85,18,10,7,28,13,18,0,14,0,27,29,31,22,24,0,0,-11,19,20,30,23,34,12,17,8,16,14,22,18,38,4,16,10,14,0,0,0,31,27,27,27,39,17,37,32,74,60,123,123,120,123,119,94,156,84,83,79,85,85,184,188,170,181,248,241,234,233,310,310,337,314,273,246,438,400]} 1. c4 e5 2. g3 Nf6 3. Bg2 d5 4. cxd5 Nxd5 5. Nf3 Nc6 6. O-O Nb6 7. b3 {A20: English Opening: 1...e5} Be7 (7... Bd6 8. Bb2 O-O 9. d3 Qe7 10. Nbd2 Ba3 11. Bxa3 Qxa3 12. Qc1 Qe7 13. Qb2 Bg4 14. Rac1 Rad8 15. Rfe1 Rfe8 16. a3 a5 17. b4 axb4 18. axb4 {1-0 (31) Ding,L (2811)-Movsesian,S (2654) Khanty-Mansiysk 2019}) 8. Bb2 f6 $1 9. Nc3 {The position is equal.} O-O 10. Rc1 a5 11. d4 Nxd4 12. Nxd4 exd4 $146 ({Predecessor:} 12... Qxd4 13. Nd5 Qxb2 14. Nxe7+ Kh8 15. Rxc7 Qa3 16. Qc1 Qb4 17. Bxb7 Bxb7 18. Rxb7 {1-0 (40) Abdulaziz,M (2088)-Abou El Hussen,A (1914) Beirut 2017}) 13. Ne4 d3 14. e3 c6 15. Rc3 Bf5 16. Rxd3 Qc7 17. Qf3 Bg6 18. Rc1 a4 19. h4 Ra5 20. Bd4 Nd7 21. Rdd1 (21. Qd1 $5 {[%cal Rd4c3]}) 21... axb3 22. axb3 Bf7 23. Nd2 Ne5 24. Qe2 Rfa8 25. Nc4 Nxc4 26. bxc4 Ra2 27. Qg4 R2a4 28. c5 Rd8 29. Be4 Kh8 ({Better is} 29... Qd7 $14 30. Qxd7 Rxd7) 30. h5 $16 h6 31. Qf5 {[%csl Ge4][%cal Rf5h7]} Bg8 32. Rd2 (32. Rb1 {is interesting.} Bf8 33. Qg6 Ra7 34. Rb2 Qf7 35. Rdb1) 32... Qd7 (32... Rb4 $142) 33. Qxd7 ({White should play} 33. Qg6 $1) 33... Rxd7 34. Bf5 $36 {[%mdl 2048] White has strong initiative.} Rd5 35. g4 Rd8 {[#]} (35... Bh7 $16) 36. Rb2 $1 $18 Ra7 37. Rcb1 Ra5 (37... Rb8 $142 38. Rb6 Ba2) 38. Rxb7 Bxc5 {[#]} 39. Rb8 $1 {[%cal Rb8d8]} Rxb8 40. Rxb8 Bd6 41. Rd8 Rd5 {next ...Bh2+ is good for Black.} 42. Rc8 {Be6! is the strong threat.} Be7 $2 (42... Rb5 43. Rxc6 Be7) 43. Re8 {Accuracy: White = 57%, Black = 45%.} 1-0

[Event "2nd Salamanca Festival 2019"]
[Site "Salamanca"]
[Date "2019.11.29"]
[Round "5.4"]
[White "Topalov, Veselin"]
[Black "Ponomariov, Ruslan"]
[Result "1/2-1/2"]
[WhiteElo "2736"]
[BlackElo "2648"]
[Annotator "TA"]
[PlyCount "77"]
[EventDate "2019.11.27"]
[EventType "swiss"]
[EventCountry "ESP"]
[SourceTitle "playchess.com"]
[Source "ChessBase"]
[SourceQuality "1"]

{[%evp 9,77,-2,0,-8,0,-8,-7,0,20,13,24,-44,-33,-39,-9,-28,-27,-35,-36,-42,-49,-28,-35,-29,-24,-32,0,0,0,0,11,0,3,-6,0,-37,-37,-42,-42,-42,-21,-25,-16,-27,-18,-35,-31,-27,-4,-15,-29,-27,-15,-27,0,0,0,-2,0,0,0,0,0,-8,-8,-8,-8,-15,0,0]} 1. c4 Nf6 2. Nc3 e5 3. Nf3 Nc6 4. d3 g6 5. Bg5 (5. g3 Bg7 6. Bg2 O-O 7. O-O d6 8. b3 Nd4 9. Nd2 c6 10. e3 Ne6 11. Bb2 Nc5 12. Qc2 a5 13. Rae1 Re8 14. h3 Bf5 15. e4 Bd7 {½-½ (74) Kramnik,V (2800)-Ding,L (2769) Berlin 2018}) 5... Bg7 6. e3 {A28: English Opening: Four Knights Variation} h6 7. Bh4 d6 $146 ({Predecessor:} 7... O-O 8. Be2 d6 9. h3 g5 10. Bg3 Bf5 11. e4 {0-1 (32) Jaramillo,W (1794)-Liascovich,L (2457) Mar del Plata 2019}) 8. Be2 Ne7 {[%cal Bc6e7,Be7f5,Bf5g3][%mdl 32]} 9. d4 Nf5 10. Bg3 (10. Bxf6 $11 Qxf6 11. dxe5 dxe5 12. O-O) 10... Nxg3 11. hxg3 Qe7 12. Qa4+ c6 13. d5 Bd7 14. dxc6 bxc6 15. Rd1 O-O 16. Qa3 e4 17. Nd4 Qe5 18. Nb3 d5 19. Qa5 Rfc8 (19... Rfb8 {is interesting.} 20. cxd5 Nxd5 21. Na4 h5 22. O-O Qe8) 20. cxd5 Nxd5 21. Nxd5 cxd5 22. Rd2 Be6 23. O-O Qc7 24. Qa4 Qb6 25. Rb1 Rc7 26. Nd4 Bd7 27. Qb3 Qxb3 28. Nxb3 Rb8 29. Bd1 Be6 30. Nd4 a5 31. Ne2 d4 32. Nxd4 {The position is equal.} Bxd4 (32... Bxa2 $5 33. Ra1 $8 Bxd4 $11) 33. exd4 Bxa2 34. Ra1 Bb3 35. Bxb3 Rxb3 36. Rxa5 Rd3 37. Re2 Rxd4 {Black wants to play ...Rc1+.} 38. g4 Rb4 39. Re5 {Accuracy: White = 61%, Black = 49%.} 1/2-1/2

[Event "2nd Salamanca Festival 2019"]
[Site "Salamanca"]
[Date "2019.11.30"]
[Round "6.1"]
[White "Santos Ruiz, Miguel"]
[Black "Ponomariov, Ruslan"]
[Result "1/2-1/2"]
[WhiteElo "2583"]
[BlackElo "2648"]
[Annotator "TA"]
[PlyCount "99"]
[EventDate "2019.11.27"]
[EventType "swiss"]
[EventCountry "ESP"]
[SourceTitle "playchess.com"]
[Source "ChessBase"]
[SourceQuality "1"]

{[%evp 12,99,12,14,18,20,13,10,17,16,21,8,20,16,6,6,29,22,10,31,15,8,55,55,58,54,45,43,62,69,71,55,42,36,58,36,41,18,22,23,21,19,58,58,64,64,64,64,64,64,64,64,64,57,64,64,64,64,64,64,80,80,82,80,82,72,81,80,80,36,72,43,43,43,57,57,57,57,90,90,90,90,90,90,90,90,90,61,61,0]} 1. c4 Nf6 2. Nc3 e5 3. Nf3 Nc6 4. e3 Bb4 5. Qc2 Bxc3 6. Qxc3 Qe7 7. Be2 d5 {A28: English Opening: Four Knights Variation} 8. d4 exd4 9. Nxd4 Nxd4 {The position is equal.} 10. Qxd4 c5 11. Qf4 dxc4 12. Qxc4 (12. Bxc4 O-O 13. b3 Be6 14. Bb2 Bxc4 15. Bxf6 Qxf6 16. Qxf6 gxf6 17. bxc4 {½-½ (71) Inarkiev,E (2693)-Alekseenko,K (2650) Konya 2019}) 12... O-O 13. O-O Qe5 {[#]} 14. f3 $146 ({Predecessor:} 14. Rd1 Be6 15. Qc2 {½-½ (32) Stohl,I (2560)-Keitlinghaus,L (2500) Germany 1994}) 14... Be6 15. Qc2 c4 16. e4 b5 17. Qc3 Nd7 18. a4 a6 19. Be3 Qxc3 20. bxc3 Ne5 21. axb5 axb5 22. Rfb1 Bd7 23. Bd4 Nd3 24. Rxa8 Rxa8 25. Bxd3 cxd3 $14 {[%mdl 4096] Endgame KRB-KRB} 26. Rd1 Be6 27. Rxd3 Ra1+ 28. Kf2 Bc4 29. Rd2 Ra2 30. Rxa2 Bxa2 {KB-KB} 31. g4 f6 32. f4 Kf7 33. f5 Bb1 34. Kf3 Bc2 35. h4 h6 36. Kf4 Bb1 37. Bb6 Bc2 38. Bc7 Bb1 39. Ke3 Bc2 40. Bf4 Bb1 41. Kd4 Bc2 42. Kd5 Bd1 43. g5 hxg5 44. hxg5 fxg5 45. Bxg5 g6 46. f6 Bb3+ 47. Kd6 Bc4 48. e5 Bb3 49. Bh6 Bc4 50. Bg5 {Accuracy: White = 66%, Black = 55%.} (50. Bf4 $14) 1/2-1/2

[Event "2nd Salamanca Festival 2019"]
[Site "Salamanca"]
[Date "2019.11.30"]
[Round "6.2"]
[White "Cyfka, Karina"]
[Black "Topalov, Veselin"]
[Result "1/2-1/2"]
[WhiteElo "2412"]
[BlackElo "2736"]
[Annotator "TA"]
[PlyCount "60"]
[EventDate "2019.11.27"]
[EventType "swiss"]
[EventCountry "ESP"]
[SourceTitle "playchess.com"]
[Source "ChessBase"]
[SourceQuality "1"]

{[%evp 17,60,11,16,14,14,18,21,-7,-14,-22,0,-3,0,0,0,0,3,0,10,0,0,0,0,5,8,5,37,20,47,45,54,38,39,45,45,18,50,35,50,31,41,0,6,-13,-15]} 1. d4 Nf6 2. c4 e6 3. Nf3 b6 4. g3 Bb7 5. Bg2 Be7 6. O-O O-O 7. Re1 d5 8. cxd5 exd5 9. Nc3 Ne4 10. Bf4 {E17: Queen's Indian: 4 g3 Bb7 5 Bg2 Be7} Nc6 {[%cal Bb8c6,Bc6a5,Ba5c4][%mdl 32]} 11. Rc1 Bb4 12. Qa4 $146 ({Predecessor:} 12. Ne5 Nxd4 13. Nd3 Bxc3 14. bxc3 Ne6 15. Be3 Qf6 16. Qc2 c5 17. Bxe4 dxe4 {0-1 (57) Ftacnik,L (2558)-Gajewski,G (2643) Czechia 2015}) 12... Bxc3 13. bxc3 Na5 14. h4 f6 15. Nd2 Nxd2 16. Bxd2 Bc6 17. Qc2 Nc4 18. e4 dxe4 19. Bxe4 Bxe4 20. Rxe4 c6 21. Rce1 Rf7 22. Bf4 $36 {[%mdl 2048] White is pushing.} Qd7 23. Qe2 b5 24. Re8+ Rxe8 25. Qxe8+ Qxe8 26. Rxe8+ $14 {KRB-KRN} Rf8 27. Re7 Rf7 28. Re6 Na5 $1 29. Bd6 {[#] Re8+ would kill now.} Rd7 {And now ...Kf7 would win.} 30. Bb4 Kf7 $1 {Accuracy: White = 66%, Black = 76%.} 1/2-1/2

[Event "2nd Salamanca Festival 2019"]
[Site "Salamanca"]
[Date "2019.11.30"]
[Round "6.3"]
[White "Hou, Yifan"]
[Black "Iturrizaga Bonelli, Eduardo"]
[Result "0-1"]
[WhiteElo "2659"]
[BlackElo "2597"]
[Annotator "TA"]
[PlyCount "118"]
[EventDate "2019.11.27"]
[EventType "swiss"]
[EventCountry "ESP"]
[SourceTitle "playchess.com"]
[Source "ChessBase"]
[SourceQuality "1"]

{[%evp 10,118,15,24,34,0,3,-8,31,30,36,29,31,18,28,20,23,16,44,31,29,31,37,33,30,14,14,27,21,17,40,47,27,40,54,0,0,0,0,0,0,-14,-20,-22,12,10,40,23,29,-6,10,0,20,20,24,20,35,0,0,0,0,0,166,167,134,107,108,102,100,24,38,4,16,0,4,0,0,0,0,0,0,0,0,0,0,0,20,6,62,28,41,49,126,0,0,0,0,0,0,0,0,0,0,0,0,0,0,-12841,-12842,-12845,-12845]} 1. e4 c6 2. Nf3 d5 3. Nc3 dxe4 4. Nxe4 Nf6 5. Qe2 Nxe4 6. Qxe4 Qd5 {B11: Caro-Kann: Two Knights Variation} (6... Qa5 7. Qh4 Nd7 8. Bc4 Ne5 9. Be2 Nxf3+ 10. Bxf3 Bf5 11. O-O Bxc2 12. d4 e6 13. Qg3 Bg6 14. h4 {1-0 (48) Wei,Y (2721)-Vachier Lagrave,M (2774) chess.com INT 2019}) 7. Qh4 Qe6+ 8. Be2 Qg4 {The position is equal.} 9. Qg3 Qxg3 10. hxg3 g6 11. a4 $146 ({Predecessor:} 11. d4 Bg4 12. Bc4 Bxf3 13. gxf3 e6 14. a4 {½-½ (31) Lu,S (2606)-Zhao,J (2621) Hangzhou 2019}) 11... Bg7 12. a5 Bf5 13. c3 e5 14. d3 Nd7 {[%cal Bb8d7,Bd7f6,Bf6d5][%mdl 32]} 15. Be3 O-O 16. Nd2 Nf6 17. Nc4 Nd5 18. Bc5 Rfd8 19. Nd6 b6 20. Nxf5 bxc5 21. Nxg7 Kxg7 22. Rh4 (22. O-O-O $14) 22... Rab8 $11 23. Ra2 f5 24. Rc4 Rb5 25. Kd2 Nf6 26. Kc2 Ne8 27. Rca4 Nd6 28. a6 Kf6 29. Ra5 Rdb8 30. c4 Rxa5 31. Rxa5 {[%mdl 4096] Endgame KRB-KRN} Rb6 32. f4 e4 33. dxe4 (33. Rxc5 {with more complications.} exd3+ 34. Bxd3 Rxa6 35. Re5 Ra4 36. Be2) 33... Nxe4 34. g4 fxg4 $1 35. Bxg4 Nd6 $2 (35... h5 $11 {and Black is okay.} 36. Bh3 Rb4) 36. Rxc5 $18 Rxa6 37. Bf3 Nf5 {Threatening ...Nd4+.} 38. Kc3 Ne7 {[#]} 39. Re5 (39. g4 $1 $16) 39... h5 $11 40. b4 Ra3+ 41. Kd4 Ra4 $1 42. Kc5 a5 43. b5 cxb5 44. cxb5 {[#] Hoping for b6.} Rxf4 45. Re1 Rf5+ 46. Kb6 Nc8+ 47. Ka6 Re5 48. Rc1 Re6+ ({Better is} 48... Nd6 $11) 49. Kxa5 Nd6 50. b6 {Kb4 is the strong threat.} h4 (50... Re5+ $14 51. Ka6 Re3) 51. Bg4 (51. Kb4 $16 Re5 52. Rc5) 51... Re5+ 52. Ka6 {Threatens to win with Rc6.} Re4 {[%cal Re4a4]} 53. Bd7 Re2 {( -> ...Ra2+)} 54. Ka7 {Black must now prevent Bc6.} Rxg2 (54... Re7 $5 55. Rc7 $8 Re3 $16) 55. Rd1 Ra2+ 56. Kb8 Nc4 57. Rf1+ Ke7 58. b7 $2 {[%mdl 8192]} (58. Kc7 $11 Rc2 59. Ba4) 58... Kxd7 $19 59. Rd1+ Nd6 {Accuracy: White = 42%, Black = 66%.} 0-1

[Event "2nd Salamanca Festival 2019"]
[Site "Salamanca"]
[Date "2019.11.30"]
[Round "6.4"]
[White "Vega Gutierrez, Sabrina"]
[Black "Milliet, Sophie"]
[Result "1/2-1/2"]
[WhiteElo "2374"]
[BlackElo "2394"]
[Annotator "NA"]
[PlyCount "48"]
[EventDate "2019.11.27"]
[EventType "swiss"]
[EventCountry "ESP"]
[SourceTitle "playchess.com"]
[Source "ChessBase"]
[SourceQuality "1"]
[TimeControl "2400+5"]

1. Nf3 {[%emt 0:00:00]} c5 {[%emt 0:00:00]} 2. c4 {[%emt 0:00:03]} Nc6 {[%emt 0:00:05]} 3. d4 {[%emt 0:00:05]} cxd4 {[%emt 0:00:08]} 4. Nxd4 {[%emt 0:00:03]} Nf6 {[%emt 0:00:05]} 5. Nc3 {[%emt 0:00:03]} e6 {[%emt 0:00:08]} 6. a3 {[%emt 0:00:04]} Be7 {[%emt 0:01:49]} 7. e4 {[%emt 0:00:26]} O-O {[%emt 0:00:15]} 8. Be2 {[%emt 0:01:58]} d5 {[%emt 0:00:29]} 9. exd5 {[%emt 0:07:46]} exd5 {[%emt 0:00:01]} 10. O-O {[%emt 0:00:37]} Nxd4 {[%emt 0:01:05]} 11. Qxd4 {[%emt 0:00:03]} dxc4 {[%emt 0:00:07]} 12. Qxd8 {[%emt 0:00:12]} Rxd8 {[%emt 0:00:02]} 13. Bxc4 {[%emt 0:00:03]} h6 {[%emt 0:05:48]} 14. Be3 {[%emt 0:00:20]} Bf5 {[%emt 0:01:06]} 15. Rfd1 {[%emt 0:01:02]} a6 {[%emt 0:01:26]} 16. Bb6 {[%emt 0:01:52]} Rxd1+ {[%emt 0:00:13]} 17. Rxd1 {[%emt 0:00:03]} Rc8 {[%emt 0:01:09]} 18. Nd5 {[%emt 0:00:37]} Nxd5 {[%emt 0:01:50]} 19. Bxd5 {[%emt 0:00:03]} Rc2 {[%emt 0:01:45]} 20. b4 {[%emt 0:06:39]} Rc3 {[%emt 0:00:07]} 21. Bxb7 {[%emt 0:00:50]} Rxa3 {[%emt 0:00:03]} 22. Bc5 {[%emt 0:00:03]} Bxc5 {[%emt 0:03:49]} 23. bxc5 {[%emt 0:00:03]} Rc3 {[%emt 0:00:02]} 24. Bxa6 {[%emt 0:06:27]} Rxc5 {[%emt 0:00:04]} 1/2-1/2

[Event "2nd Salamanca Festival 2019"]
[Site "Salamanca"]
[Date "2019.11.30"]
[Round "7.1"]
[White "Milliet, Sophie"]
[Black "Santos Ruiz, Miguel"]
[Result "1/2-1/2"]
[WhiteElo "2394"]
[BlackElo "2583"]
[Annotator "RC"]
[PlyCount "88"]
[EventDate "2019.11.27"]
[EventType "swiss"]
[EventCountry "ESP"]
[SourceTitle "playchess.com"]
[Source "ChessBase"]
[SourceQuality "1"]
[TimeControl "2400+5"]

1. e4 {[%emt 0:00:00]} c5 {[%emt 0:00:00]} 2. Nf3 {[%emt 0:00:00]} Nc6 {[%emt 0:00:00]} 3. Bb5 {[%emt 0:00:44]} g6 {[%emt 0:00:00]} 4. Bxc6 {[%emt 0:00:02]} bxc6 {[%emt 0:00:02]} 5. d4 {[%emt 0:00:09]} cxd4 {[%emt 0:00:02]} 6. Qxd4 {[%emt 0:00:01]} f6 {[%emt 0:00:02]} 7. O-O {[%emt 0:00:08]} d6 {[%emt 0:00:02]} 8. c4 {[%emt 0:00:02]} c5 {[%emt 0:00:01]} 9. Qd3 {[%emt 0:00:04]} Bg7 {[%emt 0:00:15]} 10. Nc3 {[%emt 0:00:03]} Nh6 {[%emt 0:00:03]} 11. Nh4 {[%emt 0:00:15]} Nf7 {[%emt 0:01:38]} 12. f4 {[%emt 0:00:24]} O-O {[%emt 0:00:18]} 13. f5 {[%emt 0:00:39]} g5 {[%emt 0:02:16]} 14. Nf3 {[%emt 0:00:02]} Rb8 {[%emt 0:00:01]} 15. h3 {[%emt 0:02:12]} e6 {[%emt 0:00:30]} 16. b3 {[%emt 0:01:23]} Qd7 {[%emt 0:01:04]} 17. fxe6 {[%emt 0:04:08]} Qxe6 {[%emt 0:00:02]} 18. Bb2 {[%emt 0:00:02]} f5 {[%emt 0:01:03]} 19. exf5 {[%emt 0:01:58]} Qxf5 {[%emt 0:00:03]} 20. Qd2 {[%emt 0:00:13]} Qf4 {[%emt 0:04:01]} 21. Nd5 {[%emt 0:03:12]} Qxd2 {[%emt 0:00:04]} 22. Ne7+ {[%emt 0:00:02]} Kh8 {[%emt 0:00:02]} 23. Bxg7+ {[%emt 0:00:01]} Kxg7 {[%emt 0:00:01]} 24. Nxd2 {[%emt 0:00:03]} Bb7 {[%emt 0:01:32]} 25. Nf5+ {[%emt 0:01:44]} Kg6 {[%emt 0:00:37]} 26. Rae1 {[%emt 0:05:24]} Rbe8 {[%emt 0:00:02]} 27. Re7 {[%emt 0:03:08]} Bc8 {[%emt 0:02:19]} 28. Rfe1 {[%emt 0:01:48]} Bd7 {[%emt 0:01:45]} 29. g4 {[%emt 0:00:37]} Rxe7 {[%emt 0:02:05]} 30. Nxe7+ {[%emt 0:00:05]} Kg7 {[%emt 0:00:01]} 31. Nd5 {[%emt 0:02:03]} Ne5 {[%emt 0:01:31]} 32. Rf1 {[%emt 0:00:16]} Re8 {[%emt 0:01:27]} 33. Nf6 {[%emt 0:01:05]} Re6 {[%emt 0:01:45]} 34. Nh5+ {[%emt 0:06:12]} Kg6 {[%emt 0:00:02]} 35. Rf8 {[%emt 0:00:03]} Bc6 {[%emt 0:00:22]} 36. Rg8+ {[%emt 0:00:05]} Kf7 {[%emt 0:00:23]} 37. Rg7+ {[%emt 0:00:13]} Kf8 {[%emt 0:00:01]} 38. Rxa7 {[%emt 0:00:57]} Nd3 {[%emt 0:01:21]} 39. Rxh7 {[%emt 0:00:20]} Re1+ {[%emt 0:02:29]} 40. Nf1 {[%emt 0:00:04]} Re2 {[%emt 0:00:00]} 41. Nfg3 {[%emt 0:00:21]} Rg2+ {[%emt 0:01:11]} 42. Kf1 {[%emt 0:00:01]} Rf2+ {[%emt 0:01:22]} 43. Kg1 {[%emt 0:00:01]} Rg2+ {[%emt 0:00:04]} 44. Kf1 {[%emt 0:00:00]} Rf2+ {[%emt 0:00:01]} 1/2-1/2

[Event "2nd Salamanca Festival 2019"]
[Site "Salamanca"]
[Date "2019.11.30"]
[Round "7.2"]
[White "Iturrizaga Bonelli, Eduardo"]
[Black "Vega Gutierrez, Sabrina"]
[Result "1-0"]
[WhiteElo "2597"]
[BlackElo "2374"]
[Annotator "RC"]
[PlyCount "61"]
[EventDate "2019.11.27"]
[EventType "swiss"]
[EventCountry "ESP"]
[SourceTitle "playchess.com"]
[Source "ChessBase"]
[SourceQuality "1"]
[TimeControl "2400+5"]

1. c4 {[%emt 0:00:00]} e5 {[%emt 0:00:00]} 2. Nc3 {[%emt 0:00:06]} Nc6 {[%emt 0:00:05]} 3. Nf3 {[%emt 0:01:00]} f5 {[%emt 0:01:42]} 4. d4 {[%emt 0:00:03]} e4 {[%emt 0:00:48]} 5. Ng5 {[%emt 0:00:20]} Be7 {[%emt 0:00:04]} 6. Nh3 {[%emt 0:00:08]} Nf6 {[%emt 0:00:12]} 7. Nf4 {[%emt 0:00:22]} O-O {[%emt 0:00:14]} 8. g3 {[%emt 0:00:03]} a5 {[%emt 0:02:12]} 9. Bg2 {[%emt 0:00:03]} Nb4 {[%emt 0:00:22]} 10. f3 {[%emt 0:02:44]} exf3 {[%emt 0:01:46]} 11. exf3 {[%emt 0:01:58]} c6 {[%emt 0:01:03]} 12. O-O {[%emt 0:00:10]} Na6 {[%emt 0:02:15]} 13. Re1 {[%emt 0:00:24]} Nc7 {[%emt 0:00:18]} 14. d5 {[%emt 0:01:04]} Bc5+ {[%emt 0:01:56]} 15. Be3 {[%emt 0:00:15]} Bxe3+ {[%emt 0:03:09]} 16. Rxe3 {[%emt 0:00:01]} Na6 {[%emt 0:00:39]} 17. Qd4 {[%emt 0:00:55]} Nb4 {[%emt 0:00:38]} 18. Rc1 {[%emt 0:00:25]} Re8 {[%emt 0:05:56]} 19. a3 {[%emt 0:05:00]} Rxe3 {[%emt 0:00:37]} 20. Qxe3 {[%emt 0:00:01]} Na6 {[%emt 0:00:02]} 21. d6 {[%emt 0:00:15]} b6 {[%emt 0:01:48]} 22. Na4 {[%emt 0:02:56]} Rb8 {[%emt 0:02:31]} 23. Bf1 {[%emt 0:00:02]} Qe8 {[%emt 0:01:38]} 24. Qd2 {[%emt 0:00:27]} Nc5 {[%emt 0:00:59]} 25. Nxc5 {[%emt 0:00:11]} bxc5 {[%emt 0:00:02]} 26. Re1 {[%emt 0:00:09]} Qd8 {[%emt 0:01:47]} 27. Re7 {[%emt 0:00:06]} Qb6 {[%emt 0:01:36]} 28. Ne6 {[%emt 0:01:12]} dxe6 {[%emt 0:03:53]} 29. Qg5 {[%emt 0:00:02]} Nh5 {[%emt 0:00:02]} 30. Re8+ {[%emt 0:00:02]} Kf7 {[%emt 0:00:01]} 31. Rf8+ {[%emt 0:00:03]} 1-0

[Event "2nd Salamanca Festival 2019"]
[Site "Salamanca"]
[Date "2019.11.30"]
[Round "7.3"]
[White "Ponomariov, Ruslan"]
[Black "Cyfka, Karina"]
[Result "1/2-1/2"]
[WhiteElo "2648"]
[BlackElo "2412"]
[Annotator "TA"]
[PlyCount "67"]
[EventDate "2019.11.27"]
[EventType "swiss"]
[EventCountry "ESP"]
[SourceTitle "playchess.com"]
[Source "ChessBase"]
[SourceQuality "1"]

{[%evp 11,67,5,0,0,0,0,12,0,31,24,21,22,23,11,15,22,10,12,11,5,37,35,13,0,-7,-51,-56,-81,-39,-45,-54,-77,-59,-36,-39,-39,-44,-37,-47,-52,-39,-66,-56,-49,0,0,0,0,0,0,0,0,0,0,0,0,0,0]} 1. c4 Nf6 2. Nc3 e5 3. g3 d5 4. cxd5 Nxd5 5. Bg2 Nb6 6. d3 Be7 7. Be3 {A22: English Opening: 1...e5 2 Nc3 Nf6} Nc6 (7... O-O 8. Rc1 Re8 9. Qc2 Bf8 10. a3 c6 11. Nf3 N8d7 12. O-O Nf6 13. b4 Bf5 14. Rfd1 h6 15. Ne4 Rc8 16. Bc5 Bxe4 17. dxe4 {½-½ (39) Ding,L (2777)-Harikrishna,P (2744) Huaian 2017}) 8. Bxc6+ bxc6 9. Nf3 f6 10. O-O O-O $146 ({Predecessor:} 10... Be6 11. Rc1 Nd5 12. Bd2 Nxc3 13. Bxc3 O-O 14. Qa4 Qd5 {1-0 (48) Zygouris,H (2240)-Fragkos,V (2022) Nikea 2011}) 11. Qb3+ Kh8 12. Rac1 Qe8 13. Ne4 f5 14. Ned2 Bd6 15. Bc5 Bd7 16. d4 exd4 17. Nxd4 f4 18. N2f3 Nd5 19. Rfd1 fxg3 20. hxg3 Nf6 21. Qe3 Qxe3 22. fxe3 Ne4 23. Bxd6 cxd6 24. Nxc6 Nxg3 25. Ncd4 {[#]} Nxe2+ $1 {[%mdl 576] Remove Defender} 26. Nxe2 Rxf3 27. Rxd6 Rxe3 28. Rxd7 {The position is equal.} Rxe2 29. Rxa7 $1 $15 {KRR-KRR} Rf8 30. Rf1 {[%cal Rf1f8] [#]} Rc8 31. Rc7 Rd8 32. Rd7 Rc8 33. Rc7 Rd8 34. Rd7 {[%mdl 64] Back Rank. Accuracy: White = 60%, Black = 60%.} 1/2-1/2

[Event "2nd Salamanca Festival 2019"]
[Site "Salamanca"]
[Date "2019.11.30"]
[Round "7.4"]
[White "Topalov, Veselin"]
[Black "Hou, Yifan"]
[Result "1/2-1/2"]
[WhiteElo "2736"]
[BlackElo "2659"]
[Annotator "TA"]
[PlyCount "67"]
[EventDate "2019.11.27"]
[EventType "swiss"]
[EventCountry "ESP"]
[SourceTitle "playchess.com"]
[Source "ChessBase"]
[SourceQuality "1"]

{[%evp 11,67,0,0,0,3,0,0,0,27,23,20,15,39,4,19,18,2,14,11,14,16,25,12,-14,-10,-36,-29,-75,-52,-64,-47,-72,-40,-40,-40,-40,-42,-44,-41,-51,-41,-34,-35,-56,0,0,0,0,0,0,0,0,0,0,0,0,0,0]} 1. c4 Nf6 2. Nc3 e5 3. g3 d5 4. cxd5 Nxd5 5. Bg2 Nb6 6. d3 Be7 7. Be3 {A22: English Opening: 1...e5 2 Nc3 Nf6} Nc6 (7... O-O 8. Rc1 Re8 9. Qc2 Bf8 10. a3 c6 11. Nf3 N8d7 12. O-O Nf6 13. b4 Bf5 14. Rfd1 h6 15. Ne4 Rc8 16. Bc5 Bxe4 17. dxe4 {½-½ (39) Ding,L (2777)-Harikrishna,P (2744) Huaian 2017}) 8. Bxc6+ bxc6 9. Nf3 f6 10. O-O O-O $146 ({Predecessor:} 10... Be6 11. Rc1 Nd5 12. Bd2 Nxc3 13. Bxc3 O-O 14. Qa4 Qd5 {1-0 (48) Zygouris,H (2240)-Fragkos,V (2022) Nikea 2011}) 11. Qb3+ Kh8 12. Rac1 Qe8 13. Ne4 f5 14. Ned2 Bd6 15. Bc5 Bd7 16. d4 exd4 17. Nxd4 f4 18. N2f3 Nd5 19. Rfd1 fxg3 20. hxg3 Nf6 21. Qe3 Qxe3 22. fxe3 Ne4 23. Bxd6 cxd6 24. Nxc6 Nxg3 25. Ncd4 {[#]} Nxe2+ $1 {[%mdl 576] Remove Defender} 26. Nxe2 Rxf3 27. Rxd6 Rxe3 (27... Bg4 $15 28. Rd4 h5) 28. Rxd7 $11 {The position is equal.} Rxe2 29. Rxa7 $1 $15 {KRR-KRR} Rf8 30. Rf1 {[%cal Rf1f8] [#]} Rc8 31. Rc7 Rd8 32. Rd7 Rc8 33. Rc7 Rd8 34. Rd7 {[%mdl 64] Back Rank. Accuracy: White = 73%, Black = 78%.} 1/2-1/2